00501nam a2200145Ia 4500008004100000245009600041260002600137260000900163300000800172650002600180650001200206856004500218999001900263952007300282170516s9999 xx 000 0 und d aPrevalence of left atrial abnormalities in atrial fibrillation versus normal sinus patients bActa Radiologica Open c2016 a5:6 xRadiologic Technology xRadtech uhttp://journals.sagepub.com/toc/arrb/5/6 c332729d332729 001040aCLbCLd2017-05-16l0r2017-05-16 00:00:00w2017-05-16yFOJ